| 000 | 01505nam a22002774c 4500 | ||
|---|---|---|---|
| 003 | AR-BaSMT | ||
| 008 | 260427b2025 aga|||br|||| 000 1|spa d | ||
| 020 | _a9789877383294 | ||
| 040 |
_aBSGB _bespañol _cBSGB _erda |
||
| 041 | 1 |
_aing _hinglés |
|
| 080 | _a82-31 | ||
| 100 | 1 |
_aMuncaster, Harriet _9252 |
|
| 245 | 1 | 0 |
_aIsadora Moon : _bva de excursión |
| 250 | _aOctava edición | ||
| 264 | 1 |
_aBuenos aires : _bAlfaguara , _c2025 |
|
| 300 |
_a128 páginas : _bilustraciones color |
||
| 336 |
_2rdacontent _atexto _btxt |
||
| 337 |
_2rdamedia _asin mediación _bn |
||
| 338 |
_2rdacarrier _avolumen _bnc |
||
| 520 | 1 |
_aIsadora Moon es especial porque es diferente.
Su mamá es un hada, su papá un vampiro y ella tiene un poquito de los dos. Así que, cuando toda la familia va a acampar junto al mar, suceden algunas cosas que no son demasiado normales...
Dormir en una tienda de campaña, encender una hoguera, hacerse amiga de una sirena... ¡todo es especial cuando está Isadora!
Con una heroína única, «Isadora Moon» es una encantadora y divertida serie de lecturas ideal para jóvenes lectores que quieren flores y purpurina, pero a los que también les atrae el mundo misterioso de los vampiros. _uhttps://www.penguinlibros.com/ar/tematicas/12883-audiolibro-isadora-moon-2-isadora-moon-va-de-excursion-9788420451831 |
|
| 521 | _aA partir de 8 años | ||
| 650 | 7 |
_98 _aLITERATURA INFANTIL |
|
| 650 | 7 |
_934 _aNOVELA DE AVENTURAS |
|
| 942 |
_2ddc _aBOOK |
||
| 999 |
_c627 _d627 |
||